Las migraciones humanas (Registro nro. 5566)

Detalles MARC
000 -LEADER
fixed length control field 00762 a2200205 4500
001 - CONTROL NUMBER
control field 54409
005 - DATE AND TIME OF LATEST TRANSACTION
control field 20260407155817.0
008 - FIXED-LENGTH DATA ELEMENTS--GENERAL INFORMATION
fixed length control field 260407a1971 arg spa d
003 - CONTROL NUMBER IDENTIFIER
control field AR-UNSa-BCEJYS
040 ## - CATALOGING SOURCE
Original cataloging agency AR-UNSa-BCEJYS
Language of cataloging spa
Transcribing agency AR-UNSa-BCEJYS
080 ## - UNIVERSAL DECIMAL CLASSIFICATION NUMBER
Universal Decimal Classification number 314.7
Common auxiliary subdivision Migración
041 ## - LANGUAGE CODE
Language code of text/sound track or separate title spa
100 1# - MAIN ENTRY--PERSONAL NAME
Personal name Dollot, Louis
245 10 - TITLE STATEMENT
Title Las migraciones humanas
264 #1 - PRODUCTION, PUBLICATION, DISTRIBUTION, MANUFACTURE, AND COPYRIGHT NOTICE
Place of production, publication, distribution, manufacture Barcelona :
Name of producer, publisher, distributor, manufacturer Oikos-tau
Date of production, publication, distribution, manufacture, or copyright notice 1971
300 ## - PHYSICAL DESCRIPTION
Extent 120 p.
Dimensions 18 cm.
505 ## - FORMATTED CONTENTS NOTE
Formatted contents note Primera parte: La migraciones hasta 1815 - Segunda parte: La migraciones interiores - Tercera parte: Las migraciones continentales - Cuarta parte: Las migraciones intercontinentales - Quinta parte: Las migraciones internacionales después de 1914
590 ## - LOCAL NOTE (RLIN)
Local note niveau_biblio:m niveau_hierar:0
942 ## - ADDED ENTRY ELEMENTS (KOHA)
Koha item type
Existencias
Withdrawn status Lost status Damaged status Not for loan Home library Current library Shelving location Date acquired Total checkouts Full call number Barcode Date last seen Price effective from Koha item type
        Biblioteca Prof. Eusebio Cleto del Rey Biblioteca Prof. Eusebio Cleto del Rey   07/04/2026   314.7 D665 L33488 07/04/2026 07/04/2026 Libro